000 00417nam a2200145Ia 4500
008 100122s9999 xx 000 0 und d
082 _b15330
_a823.08
100 _aबुवा वि आ
245 _aपसंत आहे
260 _bभारतीय प्रकाशन मंदिर
_c1968
300 _a116
630 _aपसंत आहे
730 _aपसंत आहे
942 _cBOOK
999 _c405625
_d405622